000 00367nam a2200169Ia 4500
008 221030s9999 xx 000 0 und d
020 _a8120301404
041 _aEnglish
082 _a105.23
_bGor
100 _aG. Gordon
245 0 _aSystem Simulation
250 _a2nd
260 _bPHI
_aNew Delhi
_c2005
300 _a324
650 _aComputers
942 _cBK
999 _c8775
_d8775